Inventing global ecology / (Record no. 29656)

MARC details
000 -LEADER
fixed length control field 01021nam a22002654a 4500
005 - DATE AND TIME OF LATEST TRANSACTION
control field 20090826145556.0
008 - FIXED-LENGTH DATA ELEMENTS--GENERAL INFORMATION
fixed length control field 040205r20042003ohuab b s001 0 eng
010 ## - LCCN (DPL NO)
LC control number ENG-94912
020 ## - INTERNATIONAL STANDARD BOOK NUMBER
International Standard Book Number 9788190769525
Terms of availability 1295.00
035 ## - SYSTEM CONTROL NUMBER
System control number EN-78445
037 ## - SOURCE OF ACQUISITION
Source of stock number/acquisition DBAD / PUB
040 ## - CATALOGING SOURCE
Original cataloging agency dpl
Language of cataloging English
082 ## - DEWEY DECIMAL CLASSIFICATION NUMBER
Classification number 333.95160954
100 ## - MAIN ENTRY--PERSONAL NAME
Personal name Reddy, V. Raja
245 ## - TITLE STATEMENT
Title Inventing global ecology /
Statement of responsibility, etc by V. Raja Reddy
260 ## - PUBLICATION, DISTRIBUTION, ETC. (IMPRINT)
Place of publication, distribution, etc New Delhi
Name of publisher, distributor, etc Alfa Publications
Date of publication, distribution, etc 2009
270 ## - ADDRESS
Address 4398/5, Ansari Road, Daryaganj
City New Delhi
Postal code 110002
300 ## - PHYSICAL DESCRIPTION
Extent v, 312p.
Dimensions 25cm(Hb)
500 ## - GENERAL NOTE
General note Includes bibliographical references and index
650 ## - SUBJECT ADDED ENTRY--TOPICAL TERM
Topical term or geographic name as entry element Biodiversity conservation
Geographic subdivision India.
650 ## - SUBJECT ADDED ENTRY--TOPICAL TERM
Topical term or geographic name as entry element Biodiversity
General subdivision Monitoring
Geographic subdivision India.
650 ## - SUBJECT ADDED ENTRY--TOPICAL TERM
Topical term or geographic name as entry element Animal ecology
General subdivision Research
Geographic subdivision India.
942 ## - ADDED ENTRY ELEMENTS (KOHA)
Source of classification or shelving scheme Dewey Decimal Classification
Item type English Books
Classification part 333.95160954
Call number suffix RED
Holdings
Withdrawn status Lost status Source of classification or shelving scheme Damaged status Not for loan Collection code Home library Current library Date acquired Source of acquisition Cost, normal purchase price Total Checkouts Full call number Barcode Date last seen Copy number Cost, replacement price Koha item type
    Dewey Decimal Classification   Not For Loan Non-fiction D.B.Act.Division D.B.Act.Division 26/08/2009 DBAD / PUB 1295.00   333.95160954 RED EN-78445 26/08/2009 1 1295.00 English Books

© Delhi Public Library
Hit Counter
free hit counter